000 00506nam a2200181Ia 4500
003 OSt
005 20220608103352.0
008 211109s9999||||xx |||||||||||||| ||und||
040 _csbcl
082 _a891.433
_bHAR-K
100 _aDharamveer,
245 0 _aKabeer Ke Aalochak
260 _bVANI Prakasan
_aDelhi
_c1997
300 _a115p.
630 _xgeneral stack
650 _aLiterature & rhetoric
_vLiteratures of other languages
_x East Indo-European & Celtic literaturesGeneralia
942 _cBOOK
999 _c53686
_d53686